000 00592nam a22001697a 4500
082 _a891.4393
_bTAR
100 _aTarar,Muntasir Hussain
245 _aBahao/
_cMuntasir Hussain Tarar
260 _aLahore:
_bSang-e-Meel Publications,
_c2017.
300 _a271p. :
_c25cm.
563 _aHB
650 _aThemes of Human Emotions and Relationships
_9129612
880 _6100-01\(3\r
_aمنتصر حسین تارڑ
880 _6245-02\(3\r
_aبہاؤ/
_bمنتصر حسین تارڑ
880 _6260-03\(3\r
_aلاہور:
_bسنگِ میل پبلکیشنز,
_c2017.
942 _2ddc
_cBK
999 _c614220
_d614220